أثر البادية فى الشعر الجاهلى /
Saved in:
| 主要作者: | |
|---|---|
| 其他作者: | |
| 格式: | Thesis |
| 語言: | Arabic |
| 出版: |
Qahirah :
Jami'at al-Azhar,
1982
|
| 主題: | |
| 標簽: |
添加標簽
沒有標簽, 成為第一個標記此記錄!
|
| LEADER | 014800000a22002890004500 | ||
|---|---|---|---|
| 008 | 140129s1982 ua g 000 0 ara d | ||
| 040 | |a UIAM |b eng | ||
| 041 | |a ara | ||
| 050 | 0 | |a PJ7542.B43 | |
| 100 | 1 | |a دميري، مكارم محمود نصر الدين | |
| 242 | 1 | 0 | |a Athar al-badiyah fi al-shi'r al-jahili |
| 245 | 1 | 0 | |a أثر البادية فى الشعر الجاهلى / |c إعداد، مكارم محمود نصر الدين الدميرى ؛ إشراف، نعمان محمد أمين طه |
| 260 | |a Qahirah : |b Jami'at al-Azhar, |c 1982 | ||
| 300 | |a viii, 238 leaves ; |c 30 cm. | ||
| 500 | |a "Risalah majistir muqaddimah ila Kulliyyat al-Dirasat al-Islamiyah wa-al-'Arabiyah li-nayl darajat al-majistir fi al-adab wa-al-naqd". | ||
| 502 | |a Thesis (MA)--Jami'at al-Azhar, 1982. | ||
| 504 | |a Includes bibliographical references (leaves 231-236). | ||
| 596 | |a 1 | ||
| 650 | 0 | |a Bedouins in literature | |
| 650 | 0 | |a Arabic poetry |x History and criticism |y To 622 | |
| 655 | |a Theses, Facsimile edition (Islamic) | ||
| 700 | 1 | |a Damiri, Makarim Mahmud Nasr al-Din | |
| 710 | 2 | |a جامعة الأزهر. |b كلية الدراسات الاسلامية والعربية | |
| 710 | 2 | |a Jami'at al-Azhar. |b Kulliyat al-Dirasat al-Islamiyat wa-al-'Arabiyah | |
| 900 | |a nan-sar | ||
| 999 | |c 435307 |d 467021 | ||
| 952 | |0 0 |6 TI PJ 007542 B43 D159A 1982 |7 0 |8 THESES |9 755230 |a IIUM |b IIUM |c MULTIMEDIA |g 350.00 |o ti PJ 7542 B43 D159A 1982 |p 00011271097 |r 2017-10-23 |t 1 |v 350.00 |y THESIS | ||
